000 01079nam a2200265 i 4500
001 175675
003 ES-MaACL
005 20230906215905.0
007 t|
008 101116s1941 sp a ||||1| spa d
080 _a929 Braulio, Santo
100 1 _aBraulio
_cSanto.
_931409
245 1 0 _aEpistolario de S. Braulio de Zaragoza /
_cedición crítica según el Códice 22 del Archivo Capitular de León, con una introducción histórica y comentario por José Madoz.
260 _aMadrid :
_bPatronato Raimundo Lulio :
_bInstituto Francisco Suárez,
_c1941.
300 _aVI, 243 p. :
_bil. bl. y n. ;
_c25 cm.
490 1 _aBiblioteca de antiguos escritores cristianos españoles ;
_v1
500 _aÍndices.
600 0 4 _aBraulio
_cSanto-
_vCorrespondencia.
_9143959
700 1 _aMadoz, José.
_9143958
710 0 _aPatronato Raimundo Lulio (Madrid)
_96198
710 2 _aInstituto "Francisco Suárez"
_95062
830 0 _aBiblioteca de antiguos escritores cristianos españoles ;
_v1
_9189822
852 _aES-MaACL
_jE-13540
_xOlim P-780
999 _c175675
_d175675